000 00279nam a2200109 4500
999 _c9922
_d9922
008 180723b ||||| |||| 00| 0 eng d
245 _aTourism policy direction.
260 _aDavao City
_bSun Star Davao
_cc2016
300 _apage 8.
650 0 _929299
_aTourism.
942 _2ddc
_cPER